[Event "Rector Cup MGSU"]
[Site "Moscow RUS"]
[Date "2012.11.10"]
[Round "7.6"]
[White "Savchenko, Boris"]
[Black "Mozharov, Mikhail"]
[Result "1-0"]
[WhiteTitle "GM"]
[BlackTitle "IM"]
[WhiteElo "2556"]
[BlackElo "2514"]
[WhiteFideId "4147332"]
[BlackFideId "4189825"]
[EventDate "2012.11.09"]

1. e4 c5 2. Nf3 e6 3. d4 cxd4 4. Nxd4 Nc6 5. Nc3 Qc7 6. Be3 Nf6 7. a3 Be7 8. f4
d6 9. g4 Nxd4 10. Qxd4 O-O 11. g5 Nd7 12. Nb5 Qc6 13. O-O-O e5 14. Qd5 exf4 15.
Bxf4 Nc5 16. Nxd6 Ne6 17. Nf5 Bd8 18. Be3 Qxd5 19. Rxd5 b6 20. Nd6 Bd7 21. Bb5
Bxb5 22. Nxb5 Re8 23. Rhd1 Be7 24. h4 a6 25. Nd6 Bxd6 26. Rxd6 b5 27. Rb6 Nf8
28. Rd4 Ng6 29. h5 Ne5 30. b3 Ng4 31. Bf4 Nf2 32. e5 Nh3 33. Bd2 Rxe5 34. Rxa6
Rae8 35. Rg4 Nf2 36. Rg2 Ne4 37. a4 bxa4 38. Rxa4 Nc5 39. Ra7 Ne6 40. h6 Rc8 41.
Kb2 Rf5 42. c4 Rb8 43. Bc3 Rf3 44. Kc2 Nc5 45. b4 Ne4 46. Bxg7 Rc8 47. c5 Rf5
48. Bf6 Rf4 49. Rd7 Rf5 50. Re2 Nxf6 51. gxf6 Rxf6 52. Rc7 Rb8 53. b5 Rxh6 54.
b6 Rh4 55. b7 Kg7 56. c6 1-0

[Event "Rector Cup MGSU"]
[Site "Moscow RUS"]
[Date "2012.11.10"]
[Round "7.7"]
[White "Charochkina, Daria"]
[Black "Azarov, Sergei"]
[Result "1/2-1/2"]
[WhiteTitle "WGM"]
[BlackTitle "GM"]
[WhiteElo "2310"]
[BlackElo "2618"]
[WhiteFideId "4180917"]
[BlackFideId "13501470"]
[EventDate "2012.11.09"]

1. d4 d5 2. c4 e6 3. Nc3 Be7 4. cxd5 exd5 5. Bf4 Nf6 6. e3 Bf5 7. Qb3 Nc6 8. Rc1
Na5 9. Qa4+ c6 10. b4 Nc4 11. Bxc4 dxc4 12. b5 Bd7 13. Qxc4 cxb5 14. Qb3 b4 15.
Nd5 Nxd5 16. Qxd5 O-O 17. Nf3 Be6 18. Qxb7 Bxa2 19. O-O a5 20. Ne5 Bd5 21. Nc6
Bxc6 22. Rxc6 a4 23. Rc7 a3 24. Rxe7 a2 25. Ra1 b3 26. Qxb3 Qxe7 27. Rxa2 g5 28.
Be5 Qe6 29. Qxe6 fxe6 30. Rxa8 Rxa8 31. g4 Kf7 32. Kg2 Ra2 33. Kg3 Kg6 34. Bd6
Rd2 35. Bc7 Rc2 36. Bd6 Rd2 37. Bc7 Rc2 38. Bd6 1/2-1/2

[Event "Rector Cup MGSU"]
[Site "Moscow RUS"]
[Date "2012.11.10"]
[Round "7.8"]
[White "Volkov, Sergey"]
[Black "Stukopin, Andrey"]
[Result "0-1"]
[WhiteTitle "GM"]
[BlackTitle "IM"]
[WhiteElo "2577"]
[BlackElo "2481"]
[WhiteFideId "4122763"]
[BlackFideId "24107131"]
[EventDate "2012.11.09"]

1. d4 c5 2. d5 d6 3. e4 g6 4. c4 e6 5. Nc3 exd5 6. cxd5 Bg7 7. Nf3 a6 8. a4 Bg4
9. Be2 Bxf3 10. Bxf3 Nd7 11. O-O Ne7 12. g3 O-O 13. Bg2 h6 14. h4 f5 15. Bf4 Ne5
16. Qd2 Kh7 17. Qc2 Qd7 18. a5 fxe4 19. Bxe4 Rxf4 20. gxf4 Qg4+ 21. Kh1 Qxh4+
22. Kg1 Qg4+ 23. Kh1 Nf3 24. Bxf3 Qxf3+ 25. Kg1 Qg4+ 26. Kh1 Qh3+ 27. Kg1 Nf5
28. Rad1 Nh4 29. f3 Bd4+ 30. Rxd4 cxd4 31. Ne4 Nxf3+ 32. Rxf3 Qxf3 33. Qc7+ Kh8
34. Qe7 Qxf4 35. Nxd6 Rf8 36. Ne4 Qe3+ 37. Kg2 Rf2+ 38. Nxf2 Qxe7 39. b3 Qe5 0-1

[Event "Rector Cup MGSU"]
[Site "Moscow RUS"]
[Date "2012.11.10"]
[Round "7.9"]
[White "Rakhmanov, Aleksandr"]
[Black "Shvedchikov, Anatoli I."]
[Result "1-0"]
[WhiteTitle "GM"]
[BlackTitle "IM"]
[WhiteElo "2599"]
[BlackElo "2391"]
[WhiteFideId "4173708"]
[BlackFideId "4103343"]
[EventDate "2012.11.09"]

1. c4 c6 2. d4 d5 3. cxd5 cxd5 4. Nc3 Nc6 5. Bf4 Nf6 6. e3 a6 7. Rc1 e6 8. Bd3
Be7 9. h3 O-O 10. Nf3 Bd7 11. O-O b5 12. Ne5 Qb6 13. Bg5 Be8 14. f4 Ra7 15. Qf3
h6 16. Bh4 g6 17. g4 Nxe5 18. dxe5 Nh7 19. Bxe7 Rxe7 20. Ne2 Rc7 21. Nd4 Bd7 22.
Rxc7 Qxc7 23. h4 Re8 24. Qg3 Nf8 25. h5 Bc8 26. g5 Qe7 27. gxh6 Kh7 28. Qg5 Bd7
29. hxg6+ Nxg6 30. Bxg6+ fxg6 31. Rc1 1-0

[Event "Rector Cup MGSU"]
[Site "Moscow RUS"]
[Date "2012.11.10"]
[Round "7.10"]
[White "Grigoriants, Sergey"]
[Black "Garipov, Eduard"]
[Result "1-0"]
[WhiteTitle "GM"]
[WhiteElo "2588"]
[BlackElo "1934"]
[WhiteFideId "4130804"]
[BlackFideId "24168661"]
[EventDate "2012.11.09"]

1. e4 e6 2. d4 d5 3. Nd2 Nf6 4. e5 Nfd7 5. Bd3 c5 6. c3 Nc6 7. Ne2 cxd4 8. cxd4
f6 9. exf6 Nxf6 10. Nf3 Bd6 11. O-O O-O 12. Bf4 Bxf4 13. Nxf4 Qd6 14. Ne2 Bd7
15. Ng3 Be8 16. Re1 Bf7 17. Bb5 Ne7 18. Qd2 a6 19. Ba4 b5 20. Bc2 Nc6 21. Rac1
Rae8 22. Ne5 Rc8 23. Bb1 Kh8 24. a3 Bg8 25. Qf4 Ne7 26. Nf7+ 1-0

[Event "Rector Cup MGSU"]
[Site "Moscow RUS"]
[Date "2012.11.10"]
[Round "7.11"]
[White "Gordievsky, Dmitry"]
[Black "Maiorov, Nikita1"]
[Result "1-0"]
[WhiteTitle "FM"]
[BlackTitle "GM"]
[WhiteElo "2422"]
[BlackElo "2544"]
[WhiteFideId "24112798"]
[BlackFideId "13501720"]
[EventDate "2012.11.09"]

1. d4 Nf6 2. c4 e6 3. Nf3 b6 4. a3 Ba6 5. Qc2 Bb7 6. Nc3 c5 7. d5 exd5 8. cxd5
Nxd5 9. Bg5 Be7 10. Ne4 f6 11. Bd2 Nc7 12. e3 d5 13. Ng3 Nc6 14. Bd3 g6 15. h4
c4 16. Be2 Qd7 17. h5 Rg8 18. b3 f5 19. hxg6 hxg6 20. Rh6 Bf8 21. Rh4 b5 22. a4
a6 23. Kf1 Bg7 24. Rb1 Ne6 25. Rh7 Rh8 26. Rxh8+ Bxh8 27. Bc3 Ke7 28. bxc4 bxc4
29. Nh4 Bxc3 30. Nxg6+ Kf6 31. Qxf5+ Kg7 32. Nf4 Re8 33. Bg4 Bc8 34. Qg6+ Kf8
35. Nxe6+ Rxe6 36. Qf5+ Ke8 37. Rb6 Kd8 38. Qxe6 Qxe6 39. Bxe6 Bxe6 40. Rxc6 Kd7
41. Rxa6 Bb2 42. Ne2 Bf5 43. Ra7+ Kd6 44. Nd4 Bd3+ 45. Ke1 c3 46. Rb7 Bc1 47.
Kd1 Ba3 48. Nb5+ 1-0

[Event "Rector Cup MGSU"]
[Site "Moscow RUS"]
[Date "2012.11.10"]
[Round "7.12"]
[White "Chernobay, Artem"]
[Black "Afanasjev, Nikita"]
[Result "1/2-1/2"]
[WhiteTitle "GM"]
[WhiteElo "2502"]
[BlackElo "1914"]
[WhiteFideId "4167406"]
[BlackFideId "24169838"]
[EventDate "2012.11.09"]

1. e4 d6 2. d4 Nf6 3. Nc3 g6 4. Be3 Bg7 5. Qd2 c6 6. a4 a5 7. h3 O-O 8. Nf3 Nbd7
9. Bc4 Nxe4 10. Nxe4 d5 11. Bd3 dxe4 12. Bxe4 e5 13. dxe5 Nxe5 14. Nxe5 Qxd2+
15. Bxd2 Bxe5 16. O-O-O Be6 17. Be3 Bc7 18. g4 Rfe8 19. Bf3 Rad8 20. h4 Rxd1+
21. Rxd1 Rd8 22. g5 Rxd1+ 23. Kxd1 Kf8 24. Kd2 Ke7 25. Bc5+ Kd7 26. Ke3 Be5 27.
b3 Bc7 28. Be4 Bd8 29. f4 Bc7 30. h5 Bg4 31. h6 Bd8 32. Bd3 Bc7 33. Bc4 Be6 34.
Bd3 Bg4 35. c3 Be6 36. Bc2 1/2-1/2

[Event "Rector Cup MGSU"]
[Site "Moscow RUS"]
[Date "2012.11.11"]
[Round "8.1"]
[White "Belous, Vladimir"]
[Black "Grachev, Boris"]
[Result "1/2-1/2"]
[WhiteTitle "IM"]
[BlackTitle "GM"]
[WhiteElo "2554"]
[BlackElo "2685"]
[WhiteFideId "4174003"]
[BlackFideId "4129199"]
[EventDate "2012.11.09"]

1. d4 d5 2. c4 e6 3. Nc3 Nf6 4. cxd5 exd5 5. Bf4 Bd6 6. Bg3 O-O 7. e3 Bf5 8.
Nge2 Nc6 9. Bxd6 Qxd6 10. Ng3 Bg6 11. Bd3 a6 12. O-O Nb4 13. Bf5 c5 14. dxc5
Qxc5 15. Rc1 Qa5 16. Bxg6 hxg6 17. a3 Nc6 18. Nge2 Qb6 19. Na4 Qa7 20. Nd4 1/2-1/2

[Event "Rector Cup MGSU"]
[Site "Moscow RUS"]
[Date "2012.11.11"]
[Round "8.2"]
[White "Andreikin, Dmitry"]
[Black "Rakhmanov, Aleksandr"]
[Result "1-0"]
[WhiteTitle "GM"]
[BlackTitle "GM"]
[WhiteElo "2723"]
[BlackElo "2599"]
[WhiteFideId "4158814"]
[BlackFideId "4173708"]
[EventDate "2012.11.09"]

1. Nf3 Nf6 2. c4 e6 3. d4 d5 4. Nc3 c5 5. cxd5 Nxd5 6. e4 Nxc3 7. bxc3 cxd4 8.
cxd4 Bb4+ 9. Bd2 Bxd2+ 10. Qxd2 O-O 11. Bc4 Nd7 12. O-O b6 13. Rad1 Bb7 14. Rfe1
Rc8 15. Bb3 h6 16. h3 Qf6 17. Bc2 Rfd8 18. Re3 Qf4 19. Bb1 Nb8 20. Qd3 Ba6 21.
Qa3 Qd6 22. Qb2 Bb7 23. d5 exd5 24. e5 Qc5 25. e6 fxe6 26. Nd4 Rd7 27. Qe2 Nc6
28. Nxe6 Qe7 29. Qd3 Qf6 30. Rf3 1-0

[Event "Rector Cup MGSU"]
[Site "Moscow RUS"]
[Date "2012.11.11"]
[Round "8.3"]
[White "Lintchevski, Daniil"]
[Black "Potkin, Vladimir"]
[Result "0-1"]
[WhiteTitle "GM"]
[BlackTitle "GM"]
[WhiteElo "2555"]
[BlackElo "2665"]
[WhiteFideId "4171055"]
[BlackFideId "4131061"]
[EventDate "2012.11.09"]

1. Nf3 Nf6 2. c4 e6 3. d4 Bb4+ 4. Bd2 a5 5. Nc3 b6 6. e3 Bb7 7. Bd3 O-O 8. O-O
d5 9. cxd5 exd5 10. Rc1 Nbd7 11. a3 Be7 12. Qc2 c5 13. dxc5 bxc5 14. Ne2 Ne4 15.
Bc3 Ndf6 16. Rfd1 Qb6 17. Bxf6 Nxf6 18. Ng3 Rfd8 19. Be2 g6 20. Ne5 Rab8 21. Rd2
Ba8 22. Bf3 Bd6 23. Nd3 c4 24. Nf4 Be5 25. Nge2 Qxb2 26. Qd1 Qxa3 27. Nxd5 Bxd5
28. Bxd5 Nxd5 29. Rxd5 Bf6 30. g4 Rxd5 31. Qxd5 c3 32. g5 Bg7 33. Qc4 a4 34. Rd1
Qb3 0-1

[Event "Rector Cup MGSU"]
[Site "Moscow RUS"]
[Date "2012.11.11"]
[Round "8.4"]
[White "Stukopin, Andrey"]
[Black "Savchenko, Boris"]
[Result "0-1"]
[WhiteTitle "IM"]
[BlackTitle "GM"]
[WhiteElo "2481"]
[BlackElo "2556"]
[WhiteFideId "24107131"]
[BlackFideId "4147332"]
[EventDate "2012.11.09"]

1. e4 g6 2. d4 Bg7 3. Nc3 d6 4. g3 c6 5. Bg2 b5 6. a3 a5 7. Nge2 Na6 8. O-O Bd7
9. Nf4 Nh6 10. Re1 e5 11. dxe5 dxe5 12. Nd3 Qe7 13. h3 f6 14. Be3 O-O 15. b3 Nf7
16. a4 b4 17. Nb1 Be6 18. Nd2 Kh8 19. Qe2 Qc7 20. Rad1 Rfd8 21. Nc4 Bh6 22. Ndb2
Rxd1 23. Rxd1 Bxe3 24. Qxe3 Rd8 25. Qe2 Nc5 26. Qe3 Rxd1+ 27. Nxd1 Nxa4 28. Bf1
Qd8 29. Qd3 Nc5 30. Qxd8+ Nxd8 31. Nxa5 Nxe4 32. Bg2 Bd5 33. Ne3 Nc3 34. Nac4
Kg7 35. Nb6 e4 36. Bf1 f5 37. h4 Kf6 38. Nd7+ Ke7 39. Ne5 Ke6 40. N5c4 Nf7 41.
Ng2 Ne5 42. Nf4+ Kf6 43. Ne3 Nf3+ 44. Kh1 Ke5 45. Ba6 Bf7 46. Bb7 Nxh4 47. Bxc6
Nf3 48. Nh3 Nd4 49. Bb7 Bd5 50. Bxd5 Nxd5 51. Nc4+ Kf6 52. Ng1 Nxc2 53. Ne2 Nc3
54. Nc1 Nd4 55. Kg2 g5 56. Kf1 f4 57. gxf4 gxf4 58. Kg2 Nce2 59. Na2 Nc6 60. Kf1
Nc3 61. Nc1 Ke6 62. Kg2 Ne5 63. Nb2 Kd5 64. Kh3 Kd4 65. Kh4 Nd3 66. Ncxd3 exd3
67. Nc4 Ne4 68. f3 d2 69. Nb2 Nf2 0-1

[Event "Rector Cup MGSU"]
[Site "Moscow RUS"]
[Date "2012.11.11"]
[Round "8.5"]
[White "Popov, Ivan RUS"]
[Black "Grigoriants, Sergey"]
[Result "1/2-1/2"]
[WhiteTitle "GM"]
[BlackTitle "GM"]
[WhiteElo "2624"]
[BlackElo "2588"]
[WhiteFideId "4170350"]
[BlackFideId "4130804"]
[EventDate "2012.11.09"]

1. e4 e5 2. Nf3 Nc6 3. d4 exd4 4. Nxd4 Bc5 5. Nb3 Bb4+ 6. c3 Be7 7. Bf4 d6 8.
N1d2 Nf6 9. Be2 O-O 10. O-O Re8 11. Qc2 Bf8 12. Rad1 Bd7 13. Rfe1 g6 14. h3 Bg7
15. Bh2 Qe7 16. Bd3 Ne5 17. Bf1 Ba4 18. f4 Ned7 19. g4 Nc5 20. Bg2 Nfd7 1/2-1/2

[Event "Rector Cup MGSU"]
[Site "Moscow RUS"]
[Date "2012.11.11"]
[Round "8.6"]
[White "Khismatullin, Denis"]
[Black "Gordievsky, Dmitry"]
[Result "1-0"]
[WhiteTitle "GM"]
[BlackTitle "FM"]
[WhiteElo "2646"]
[BlackElo "2422"]
[WhiteFideId "4142578"]
[BlackFideId "24112798"]
[EventDate "2012.11.09"]

1. d4 Nf6 2. c4 e6 3. Nf3 d5 4. Nc3 Bb4 5. Qa4+ Nc6 6. a3 Bxc3+ 7. bxc3 Bd7 8.
cxd5 exd5 9. Qc2 O-O 10. Bg5 h6 11. Bh4 g5 12. Bg3 Ne4 13. e3 Bf5 14. Bd3 Qf6
15. O-O Nxg3 16. hxg3 Ne7 17. c4 c6 18. Bxf5 Qxf5 19. Qb3 Rab8 20. Rfc1 Qd7 21.
a4 Qd6 22. Ne5 Kg7 23. Rc2 f6 24. Nd3 dxc4 25. Rxc4 h5 26. Rac1 b6 27. a5 Rfe8
28. axb6 axb6 29. Ra4 Red8 30. Ra7 Rd7 31. Rca1 Nc8 32. Ra8 Rdb7 33. Qd1 Kh6 34.
Qf3 Ne7 35. Rxb8 Rxb8 36. Ra7 Re8 37. Rb7 c5 38. dxc5 Qxd3 39. Rxe7 Rxe7 40.
Qxf6+ Qg6 41. Qxe7 bxc5 42. Qxc5 Qb1+ 43. Kh2 Qe1 44. Qd6+ Kg7 45. Qe7+ Kg6 46.
Qe6+ Kg7 47. Qf5 g4 48. e4 Qe2 49. e5 h4 50. gxh4 Kh6 51. Kg3 Qe1 52. Qg5+ Kh7
53. Qh5+ Kg7 54. Qxg4+ 1-0

[Event "Rector Cup MGSU"]
[Site "Moscow RUS"]
[Date "2012.11.11"]
[Round "8.7"]
[White "Pavlov, Sergey2"]
[Black "Nepomniachtchi, Ian"]
[Result "1/2-1/2"]
[WhiteTitle "IM"]
[BlackTitle "GM"]
[WhiteElo "2471"]
[BlackElo "2707"]
[WhiteFideId "14114330"]
[BlackFideId "4168119"]
[EventDate "2012.11.09"]

1. Nf3 d6 2. c4 g6 3. Nc3 Bg7 4. d4 Nc6 5. g3 e5 6. d5 Nce7 7. Bg2 f5 8. O-O Nf6
9. e4 O-O 10. h3 h6 11. exf5 gxf5 12. Nh4 Qe8 13. f4 exf4 14. gxf4 Ng6 15. Re1
Qf7 16. Nf3 Nh5 17. Ng5 hxg5 18. Qxh5 gxf4 19. Nb5 Ne5 20. Qxf7+ Rxf7 21. Bxf4
a6 22. Nc3 Nd3 23. Re8+ Rf8 24. Rxf8+ 1/2-1/2

[Event "Rector Cup MGSU"]
[Site "Moscow RUS"]
[Date "2012.11.11"]
[Round "8.9"]
[White "Afanasjev, Nikita"]
[Black "Korneev, Oleg"]
[Result "0-1"]
[BlackTitle "GM"]
[WhiteElo "1914"]
[BlackElo "2602"]
[WhiteFideId "24169838"]
[BlackFideId "4156803"]
[EventDate "2012.11.09"]

1. c4 e5 2. Nc3 Nf6 3. g3 Nc6 4. Bg2 Bc5 5. Nf3 d6 6. O-O a6 7. d3 h6 8. a3 O-O
9. b4 Ba7 10. Bb2 Nd4 11. Nxd4 Bxd4 12. Qd2 c6 13. Rac1 Re8 14. Rfd1 Be6 15. Ne4
Nxe4 16. Bxe4 Qf6 17. Bxd4 exd4 18. Bf3 Re7 19. a4 d5 20. cxd5 Bxd5 21. Bxd5
cxd5 22. Rc2 Rae8 23. Rdc1 Kh7 24. Kg2 Re5 25. Re1 Rf5 26. e4 dxe3 27. Rxe3 Rfe5
28. Rxe5 Qxe5 29. Qf4 Qxf4 30. gxf4 Rd8 31. Rc5 Rd7 32. f5 g6 33. fxg6+ Kxg6 34.
Rc8 Kf5 35. Rh8 Rd6 36. a5 Ke5 37. Rb8 Rd7 38. Rh8 Kd4 39. Rxh6 Kxd3 40. h4 d4
41. h5 Kc3 42. Rh8 d3 43. h6 f6 44. h7 0-1

[Event "Rector Cup MGSU"]
[Site "Moscow RUS"]
[Date "2012.11.11"]
[Round "8.10"]
[White "Reshetnikov, Alexey"]
[Black "Chernobay, Artem"]
[Result "0-1"]
[WhiteTitle "IM"]
[BlackTitle "GM"]
[WhiteElo "2508"]
[BlackElo "2502"]
[WhiteFideId "4162080"]
[BlackFideId "4167406"]
[EventDate "2012.11.09"]

1. d4 Nf6 2. c4 g6 3. Nc3 Bg7 4. Nf3 O-O 5. g3 d6 6. Bg2 Nbd7 7. O-O c6 8. Qc2
e5 9. Rd1 Re8 10. e4 a5 11. b3 exd4 12. Nxd4 Nc5 13. Bf4 Qb6 14. Bxd6 Bg4 15. f3
Nfxe4 16. Bxc5 Qxc5 17. Ne2 Nxg3 18. hxg3 Bf5 19. Qd2 Rxe2 20. Qxe2 Bxd4+ 21.
Kh2 Rd8 22. Rxd4 Rxd4 23. Rd1 Rxd1 24. Qxd1 b6 25. Qd8+ Kg7 26. Qc7 h5 27. f4
Qf2 28. Qe5+ Kh7 29. Qc7 Be6 30. Qxc6 h4 31. Qf3 hxg3+ 32. Qxg3 Qxa2 33. Kg1 Qa3
34. Bh3 Qc1+ 35. Kh2 Qd2+ 36. Bg2 a4 37. bxa4 Bxc4 38. Qg5 Be6 39. Kg3 Qe3+ 40.
Kh2 Bf5 41. Qh4+ Kg7 42. Kh1 Qd4 43. Qg3 Qa1+ 44. Kh2 Qxa4 45. Qc3+ Kh7 46. Qc7
Qb3 47. Qd6 b5 48. Bd5 Qc2+ 49. Kg3 Qd3+ 50. Kf2 Be6 51. f5 Qd4+ 52. Ke1 Bxd5
53. fxg6+ fxg6 54. Qe7+ Kh6 55. Qf8+ Kh5 0-1

[Event "Rector Cup MGSU"]
[Site "Moscow RUS"]
[Date "2012.11.11"]
[Round "8.11"]
[White "Yilmaz, Mustafa"]
[Black "Balashov, Yuri S"]
[Result "1/2-1/2"]
[WhiteTitle "GM"]
[BlackTitle "GM"]
[WhiteElo "2531"]
[BlackElo "2475"]
[WhiteFideId "6302718"]
[BlackFideId "4100263"]
[EventDate "2012.11.09"]

1. Nf3 Nf6 2. c4 b6 3. g3 Bb7 4. Bg2 e6 5. O-O Be7 6. Nc3 O-O 7. Re1 d5 8. cxd5
exd5 9. d4 Na6 10. Bf4 c5 11. dxc5 Nxc5 12. Nd4 Qd7 13. Rc1 Rac8 14. Rc2 Rfd8
15. Qc1 Nce4 16. Rd1 Nxc3 17. Rxc3 Ne4 18. Rc2 Rxc2 19. Qxc2 Rc8 20. Qb3 h6 21.
Bxe4 dxe4 22. Nb5 Qg4 23. Nxa7 Ra8 24. Nb5 Bc5 25. Nc3 Qh5 26. Re1 e3 27. f3 Bc6
28. Ne4 Bxe4 29. fxe4 Qg6 30. Bxe3 Bxe3+ 31. Qxe3 Rxa2 32. Qb3 Ra5 33. Rd1 Re5
34. Qe3 Qe6 35. Rd4 b5 36. Qd3 Qb6 37. Kg2 Qc6 38. b3 Re6 39. Kf2 Re5 40. Rb4
Qf6+ 41. Kg1 Qb6+ 42. Rd4 Qc6 43. Rd8+ Kh7 44. Rd5 Qe8 45. Rxe5 Qxe5 46. Qd5 f6
47. Qxe5 fxe5 48. Kf2 Kg6 49. Ke3 Kf6 50. Kd3 Ke6 51. Kc3 Kd6 52. Kb4 Kc6 53.
Kc3 Kc5 54. h4 h5 55. b4+ Kd6 56. Kd3 Ke6 57. Ke3 g6 58. Kf3 Kf6 59. g4 Ke6 1/2-1/2

[Event "Rector Cup MGSU"]
[Site "Moscow RUS"]
[Date "2012.11.11"]
[Round "8.12"]
[White "Dubov, Daniil"]
[Black "Charochkina, Daria"]
[Result "1-0"]
[WhiteTitle "GM"]
[BlackTitle "WGM"]
[WhiteElo "2600"]
[BlackElo "2310"]
[WhiteFideId "24126055"]
[BlackFideId "4180917"]
[EventDate "2012.11.09"]

1. c4 e5 2. Nc3 Nf6 3. Nf3 Nc6 4. e4 Bb4 5. d3 a6 6. Bd2 O-O 7. g3 d6 8. Bg2 Nd7
9. O-O Nc5 10. Bg5 f6 11. Be3 Ne6 12. Ne2 Bc5 13. d4 exd4 14. Nfxd4 Ne5 15. Qc1
Ng4 16. Nxe6 Bxe6 17. Bd4 Ne5 18. b3 Bh3 19. Bxh3 Nf3+ 20. Kg2 Nxd4 21. Nf4 Qe7
22. Re1 Qf7 23. Qc3 g5 24. Nd5 c6 25. Ne3 h5 26. Bf5 g4 27. b4 Ba7 28. Red1 c5
29. bxc5 dxc5 30. h3 gxh3+ 31. Bxh3 Rae8 32. Nf5 Qg6 33. Re1 Bb8 34. Rad1 Be5
35. Nxd4 Bxd4 36. Qf3 Kg7 37. Bf5 Qg5 38. Rh1 Rh8 39. Rh4 Rh6 40. Rdh1 Qd2 41.
Rxh5 Reh8 42. Rxh6 Rxh6 43. Rf1 b5 44. cxb5 axb5 45. Be6 c4 46. Rd1 Qb2 47. Rf1
c3 48. Bb3 c2 49. Qg4+ Kf8 50. Qg8+ Ke7 51. Qg7+ Kd6 52. Qxh6 1-0

[Event "Rector Cup MGSU"]
[Site "Moscow RUS"]
[Date "2012.11.11"]
[Round "9.1"]
[White "Potkin, Vladimir"]
[Black "Andreikin, Dmitry"]
[Result "1/2-1/2"]
[WhiteTitle "GM"]
[BlackTitle "GM"]
[WhiteElo "2665"]
[BlackElo "2723"]
[WhiteFideId "4131061"]
[BlackFideId "4158814"]
[EventDate "2012.11.09"]

1. d4 g6 2. e4 Bg7 3. Nf3 d6 4. Be2 Nf6 5. Nc3 O-O 6. O-O c6 7. a4 Qc7 8. Be3 e5
9. Nd2 Ng4 10. Bxg4 Bxg4 11. Qxg4 exd4 12. Bf4 dxc3 13. Nc4 cxb2 14. Rab1 Qd7
15. Qxd7 Nxd7 16. Bxd6 Rfe8 17. Rfe1 Nb6 18. Nxb6 axb6 19. e5 Re6 20. Re4 b5 21.
axb5 cxb5 22. f4 Ra4 23. Rxa4 bxa4 24. Ba3 g5 25. Rxb2 gxf4 26. Rxb7 Bxe5 27.
Kf1 Rc6 28. Rb4 Rxc2 29. Rxa4 f6 30. Re4 Kf7 31. Re2 Rc4 32. Re1 Ke6 33. Bc1 Kf5
34. Bd2 h5 35. Ke2 Rc2 36. Kd3 Ra2 37. Rf1 Kg4 38. Rf2 Ra1 39. Ke4 Rh1 40. Bxf4
Re1+ 41. Be3 Bxh2 42. Rxf6 Bg1 43. Rg6+ Kh4 44. g3+ Kh3 45. Rg5 Bxe3 46. Rxh5+
Kxg3 47. Rf5 Kg4 48. Rf7 Bf4+ 49. Kd5 Kf3 50. Rf8 Rd1+ 51. Kc4 Ke4 52. Rh8 Rc1+
53. Kb5 Kd5 54. Rh5+ Be5 55. Ka5 Rb1 56. Rg5 Kd4 57. Ka6 Bd6 58. Rb5 Bb4 59. Kb6
Kc4 60. Rf5 Bc5+ 61. Kc6 Rb6+ 62. Kd7 Rh6 63. Rf1 Rd6+ 64. Kc7 Ra6 65. Kd7 Bd4
66. Rd1 Kd5 67. Kd8 Ra7 68. Rd2 Ke5 69. Kc8 Bc5 70. Rd7 Ra4 1/2-1/2

[Event "Rector Cup MGSU"]
[Site "Moscow RUS"]
[Date "2012.11.11"]
[Round "9.2"]
[White "Savchenko, Boris"]
[Black "Belous, Vladimir"]
[Result "1-0"]
[WhiteTitle "GM"]
[BlackTitle "IM"]
[WhiteElo "2556"]
[BlackElo "2554"]
[WhiteFideId "4147332"]
[BlackFideId "4174003"]
[EventDate "2012.11.09"]

1. e4 c5 2. Nf3 Nc6 3. Nc3 g6 4. d4 cxd4 5. Nxd4 Bg7 6. Be3 Nf6 7. Bc4 Qa5 8.
O-O O-O 9. Bb3 d6 10. h3 Bd7 11. f4 Rac8 12. Qd3 a6 13. Rf2 b5 14. Raf1 b4 15.
Nce2 Qc7 16. c4 Na5 17. Bd2 Nxc4 18. Rc1 Nxb2 19. Qb1 Qb7 20. Qxb2 Nxe4 21. Rff1
e5 22. fxe5 dxe5 23. Rxc8 Bxc8 24. Bxb4 Ng5 25. Bxf8 Bxf8 26. h4 Qe4 27. hxg5
Qe3+ 28. Rf2 Bc5 29. Qc2 1-0

[Event "Rector Cup MGSU"]
[Site "Moscow RUS"]
[Date "2012.11.11"]
[Round "9.3"]
[White "Grachev, Boris"]
[Black "Azarov, Sergei"]
[Result "1/2-1/2"]
[WhiteTitle "GM"]
[BlackTitle "GM"]
[WhiteElo "2685"]
[BlackElo "2618"]
[WhiteFideId "4129199"]
[BlackFideId "13501470"]
[EventDate "2012.11.09"]

1. Nf3 Nf6 2. c4 e6 3. g3 d5 4. Bg2 Be7 5. O-O O-O 6. b3 b6 7. Bb2 Bb7 8. e3 c5
9. Nc3 dxc4 10. bxc4 Nc6 11. Qe2 Qc7 12. Nb5 Qd7 13. Rfd1 a6 14. Nc3 Qc7 15.
Rab1 Rfd8 16. Ba1 Rab8 17. h3 h6 18. g4 Ba8 19. d3 Na7 20. Na4 Nd7 21. Rdc1 Bc6
22. Nc3 b5 23. Ne1 Bf6 24. Ne4 Bxa1 25. Rxa1 Bxe4 26. Bxe4 Nf6 27. Bg2 Qd6 28.
Nf3 Nc6 1/2-1/2

[Event "Rector Cup MGSU"]
[Site "Moscow RUS"]
[Date "2012.11.11"]
[Round "9.4"]
[White "Grigoriants, Sergey"]
[Black "Khismatullin, Denis"]
[Result "1/2-1/2"]
[WhiteTitle "GM"]
[BlackTitle "GM"]
[WhiteElo "2588"]
[BlackElo "2646"]
[WhiteFideId "4130804"]
[BlackFideId "4142578"]
[EventDate "2012.11.09"]

1. Nf3 c5 2. c4 Nc6 3. d4 cxd4 4. Nxd4 Nf6 5. Nc3 e6 6. Bf4 d6 7. Ndb5 e5 8. Bg5
a6 9. Bxf6 gxf6 10. Na3 f5 11. e3 Bg7 12. Be2 Be6 13. O-O O-O 14. Qd2 Rc8 15.
Rad1 Qa5 16. Nd5 Qxd2 17. Rxd2 e4 1/2-1/2

[Event "Rector Cup MGSU"]
[Site "Moscow RUS"]
[Date "2012.11.11"]
[Round "9.6"]
[White "Chernobay, Artem"]
[Black "Vorobiov, Evgeny E."]
[Result "1/2-1/2"]
[WhiteTitle "GM"]
[BlackTitle "GM"]
[WhiteElo "2502"]
[BlackElo "2597"]
[WhiteFideId "4167406"]
[BlackFideId "4121341"]
[EventDate "2012.11.09"]

1. e4 c5 2. Nf3 Nc6 3. Bb5 e6 4. O-O Nge7 5. Re1 a6 6. Bxc6 Nxc6 7. d4 cxd4 8.
Nxd4 d6 9. c4 Be7 10. Nc3 O-O 11. Be3 Bd7 12. a4 Rc8 13. b3 Qa5 14. Qd2 Rfe8 15.
Nde2 Bf8 16. Red1 Ne5 17. h3 Qb4 18. Qa2 b5 19. cxb5 axb5 20. Rd4 Qa5 21. axb5
Qxa2 22. Rxa2 Rb8 23. Ra5 Be7 24. f4 Ng6 25. Rd3 Bd8 26. Ra6 Bxb5 27. Nxb5 Rxb5
28. Raxd6 Bc7 29. Rd7 Bb6 30. Bxb6 Rxb6 31. g3 h5 32. Kf2 Reb8 33. Rd8+ Rxd8 34.
Rxd8+ Kh7 35. Rd7 h4 36. Rxf7 Rxb3 37. f5 exf5 38. Rxf5 hxg3+ 39. Nxg3 Kg8 40.
Ra5 Nf4 41. Rf5 Nxh3+ 42. Kg2 g6 43. Rf6 Kg7 44. Rxg6+ Kxg6 45. Kxh3 Kg5 46. Kg2
Kf4 47. Ne2+ Kxe4 48. Ng3+ Ke3 49. Nf1+ Kf4 50. Kf2 Rb2+ 51. Ke1 Ra2 52. Kd1 Ke4
53. Ke1 Kd3 54. Ng3 Rg2 55. Nf1 Re2+ 56. Kd1 Re7 57. Ng3 1/2-1/2